000 00964nam a22002537a 4500
005 20240530110442.0
008 150329s2010 ua ak f 000 0 ara d
017 _a2009/16279
_bمصر . دار الكتب المصرية
020 _a9789774554410
040 _aEG-CaGPL
082 0 4 _221
_a658.409\
_bب إ
100 1 _aبانيللا ، فينس
245 1 0 _aادارة اليوم /
_cتاليف فينس بانيللا ؛ ترجمة قسم الترجمة بدار الفاروق
250 _aط1
260 _aاالقاهرة :
_bدار الفاروق للاستثمارات الثقافية ،
_c2010
300 _a344 ص :
_bايض ؛
_c24 سم.
650 0 4 _aالادارة
650 0 4 _aالادارة
_xتقييم
650 0 4 _aتقييم الاداء
650 0 4 _aالقيادة الادارية
710 0 _aقسم الترجمة بدار الفاروق
_eمترجم
942 _2ddc
_cBK
999 _c61070
_d61070